000 00973cam a22003013a 4500
001 11609
003 PGUSA
005 20140828083238.0
008 040301s2004||||xxu|||||s|||||000 1 eng d
040 _aPGUSA
_beng
042 _adc
050 4 _aPR
050 4 _aPZ
100 1 _aHenty, G. A.
_q(George Alfred),
_d1832-1902
245 1 4 _aThe Golden Canyon
_h[electronic resource] /
_cG. A. Henty
260 _bProject Gutenberg,
_c2004
500 _a"The stone chest" is not by Henty, according to Robert L. Dartt's "G. A. Henty, a bibliography."
505 0 _aThe golden canyon -- The stone chest.
506 _aPublic domain in the USA.
516 _aElectronic text
653 _aGold mines and mining -- Juvenile fiction
653 _aRescues -- Juvenile fiction
653 _aAdventure stories
653 _aTreasure troves -- Juvenile fiction
830 0 _aProject Gutenberg
_v11609
856 4 0 _uhttp://www.gutenberg.org/ebooks/11609
942 _cEB
999 _c240864
_d240864